| 000 | 00719nam a2200253 a 4500 | ||
|---|---|---|---|
| 001 | 51475 | ||
| 003 | BD-RjUL | ||
| 005 | 20211209075651.0 | ||
| 008 | 160831m19611937enk||||| |||| 00| 0 eng d | ||
| 035 | _a(BD-RjUL)51595 | ||
| 040 |
_aBD-RjUL _beng _cBD-RjUL |
||
| 041 | _aeng | ||
| 082 |
_a515 _bCOD 1961 |
||
| 100 |
_aCourant, Richard, _9153645 |
||
| 245 | 1 | 0 |
_aDifferential and integral calculus / _cby R. Courant ; translated by E.J. McShane. |
| 250 | _a2nd ed. | ||
| 260 |
_aLondon : _bBlackie and son limited, _c1934 [reprint1961] |
||
| 300 |
_a V. : _c23 cm. |
||
| 500 | _aIncludes index | ||
| 505 | _aV.1: (616 p.) -- | ||
| 650 |
_aCalculus. _9153936 |
||
| 700 |
_aMcShane, E.J. _9153937 |
||
| 942 |
_2ddc _cBK |
||
| 999 |
_c51475 _d51475 |
||